NFL 2024 Week 1 Starters - Statistics

General Stats
  • This quiz has been taken 243 times
    239 since last reset
  • The average score is 116 of 160
Answer Stats
Pos Answer % Correct
WR AJ Brown
92%
QB Josh Allen
92%
QB Lamar Jackson
92%
WR Amon-Ra St. Brown
91%
WR Keenan Allen
90%
QB Patrick Mahomes
90%
RB Aaron Jones
89%
QB Caleb Williams
89%
QB Daniel Jones
89%
WR Jameson Williams
89%
RB Javonte Williams
89%
RB Kyren Williams
89%
WR Mike Williams
89%
WR Devonta Smith
88%
QB Geno Smith
88%
QB Jared Goff
88%
QB Jaylen Hurts
88%
QB Joe Burrow
88%
TE Travis Kelce
88%
QB Brock Purdy
87%
RB Derrick Henry
87%
WR Garrett Wilson
87%
TE Jonnu Smith
87%
QB Justin Herbert
87%
WR Micheal Wilson
87%
QB Russell Wilson
87%
QB Tua Tagovailoa
87%
QB Aaron Rodgers
86%
WR Jamar Chase
86%
WR Tyreek Hill
86%
QB Deshaun Watson
85%
TE Hunter Henry
85%
QB Jordan Love
85%
QB Kyler Murray
85%
TE Mark Andrews
85%
RB Najee Harris
85%
QB Bo Nix
84%
WR Christian Watson
84%
QB CJ Stroud
84%
WR Deebo Samuel
84%
WR DJ Moore
84%
TE George Kittle
84%
QB Jayden Daniels
84%
QB Matthew Stafford
84%
WR Zay Flowers
84%
WR Ceedee Lamb
83%
QB Dak Prescott
83%
WR Jaylen Waddle
83%
WR Justin Jefferson
83%
QB Trevor Lawrence
83%
QB Anthony Richardson
82%
RB Jahmyr Gibbs
82%
RB James Cook
82%
RB Josh Jacobs
82%
WR Van Jefferson
82%
WR Brandon Aiyuk
81%
QB Bryce Young
81%
QB Drake Maye
81%
RB Joe Mixon
81%
QB Kirk Cousins
81%
QB Sam Darnold
81%
WR Amari Cooper
80%
RB Bijan Robinson
80%
RB Breece Hall
80%
RB Brian Robinson Jr
80%
RB Christian McCaffrey
80%
WR Cooper Kupp
80%
QB Derek Carr
80%
WR DK Metcalf
80%
WR George Pickens
80%
RB Isiah Pacheco
80%
TE Sam Laporta
80%
RB Saquon Barkley
80%
WR Stefon Diggs
80%
WR Wan'Dale Robinson
80%
QB Will Levis
80%
RB Devon Achane
79%
RB Nick Chubb
79%
WR Tee Higgins
79%
QB Baker Mayfield
78%
WR Nico Collins
78%
WR Puka Nacua
78%
WR Davante Adams
77%
RB Jonathan Taylor
77%
WR Mike Evans
77%
WR Tyler Lockett
77%
WR Terry Mclaurin
76%
RB Alvin Kamara
75%
RB D'Andre Swift
75%
WR Drake London
75%
RB Ezekiel Elliot
75%
RB Kenneth Walker III
75%
WR Michael Pittman Jr
75%
RB Rachaad White
75%
WR Rashee Rice
75%
RB Zamir White
75%
WR Cordale Sutton
74%
TE Kyle Pitts
74%
WR Marvin Harrison Jr
74%
WR Chris Olave
73%
QB Gardener Minshew
73%
RB James Conner
73%
WR Malik Nabers
73%
WR Chris Godwin
72%
TE Dalton Kincaid
72%
WR DeAndre Hopkins
72%
WR Dionte Johnson
72%
WR Jerry Jeudy
72%
WR Jordan Addison
72%
TE Juwan Johnson
72%
WR Keon Coleman
72%
RB Tony Pollard
72%
RB Travis Etienne Jr
72%
WR Xavier Worthy
72%
WR Calvin Ridley
71%
TE Cole Kmet
71%
WR Christian Kirk
70%
TE David Njoku
70%
RB Rhamondre Stevenson
70%
TE Brock Bowers
68%
TE Dalton Schultz
66%
TE TJ Hockenson
66%
TE Dallas Goedert
65%
WR Khalil Shakir
65%
WR Brandon Cooks
64%
WR Rashod Bateman
64%
TE Trey Mcbride
64%
TE Jake Ferguson
63%
TE Evan Engram
62%
RB Chuba Hubbard
61%
RB Devin Singletary
61%
RB Zach Moss
61%
RB Gus Edwards
59%
WR Jakobi Meyers
58%
TE Pat Freiermuth
57%
WR Gabe Davis
56%
TE Noah Fant
56%
TE Tyler Higbee
55%
WR Darnell Mooney
53%
TE Luke Musgrave
53%
WR Joshua Palmer
51%
WR Ladd Mcconkey
51%
WR Rashid Shaheed
51%
TE Tyler Conklin
49%
WR Josh Downs
47%
TE Mike Gesicki
47%
TE Zach Ertz
47%
TE Cade Otton
46%
WR Kendrick Bourne
41%
WR Demario Douglas
39%
TE Chigoziem Okonkwo
35%
WR Adam Theilen
31%
TE Daniel Bellinger
28%
TE Will Dissly
23%
TE Adam Trautman
20%
WR Josh Reynolds
20%
WR Romeo Dobbs
20%
TE Tommy Tremble
20%
WR Olamide Zaccheaus
16%
TE Kyle Granson
11%
No matching quizzes found
Score Distribution
Percent of People with Each Score
Percentile by Number Answered
Your Score History
You have not taken this quiz since the last reset